000 00527nam a2200169 i 4500
001 96282
003 ES-MaACL
005 20230906181900.0
007 t|
008 050615s1973 sp ||||1| spa d
100 1 _aMager, Robert F.
_975467
245 1 0 _aCreación de actitudes y aprendizaje /
_cRobert F. Mager; [traducción Alfonso Gutierrez Higuero].
260 _aMadrid :
_bMorova,
_c1973.
300 _a136 p. :
_bil. ;
_c18 cm.
700 1 _aGutiérrez Higuero, Alfonso.
_961164
852 _aES-MaACL
_jC-53111
_bR.85402
999 _c96282
_d96282